KOHA-Header-6

Computer Architecture :A Quantitative Approach (Record no. 8900)

000 -LEADER
fixed length control field 00281nam a2200109Ia 4500
100 ## - MAIN ENTRY--AUTHOR NAME
Personal name Hennessy, John
245 #0 - TITLE STATEMENT
Title Computer Architecture :A Quantitative Approach
260 ## - PUBLICATION, DISTRIBUTION, ETC. (IMPRINT)
Place of publication Delhi
Name of publisher Viva Books
Year of publication 2000
300 ## - PHYSICAL DESCRIPTION
Number of Pages 434
942 ## - ADDED ENTRY ELEMENTS (KOHA)
Koha item type Books
Holdings
Withdrawn status Lost status Collection code Permanent Location Current Location Shelving location Date acquired Full call number Accession Number Koha item type
    Electrical Engineering MAJU MAJU Shelf No.A25 2019-09-14 343.73 4033 Electrical Engineering

Powered by Koha